Canadiens de Montréal: Les 25 meilleurs marqueurs - Statistiques

Statistiques générales
  • Ce quiz a été pris 52 fois
  • Le résultat moyen est 9 sur 25
Statistiques - réponses
Hint Réponse % Correct
544 buts Maurice « Rocket » Richard
100%
358 buts Henri Richard
98%
518 buts Guy Lafleur
91%
507 buts Jean Béliveau
82%
226 buts Max Pacioretty
52%
371 buts Bernard « Boom-Boom » Geoffrion
48%
197 buts Larry Robinson
45%
221 buts Guy Carbonneau
39%
428 buts Yvan Cournoyer
36%
258 buts Mario Tremblay
32%
408 buts Steve Shutt
32%
233 buts Tomas Plekanec
32%
239 buts Bob Gainey
30%
235 buts Hector « Toe » Blake
30%
225 buts Stéphane Richer
30%
366 buts Jacques Lemaire
23%
254 buts Dickie Moore
20%
215 buts Elmer Lach
20%
256 buts Howie Morenz
20%
243 buts Mats Naslund
20%
270 buts Aurel Joliat
11%
254 buts Claude Provost
9%
223 buts Pete Mahovlich
9%
215 buts Ralph Backstrom
7%
200 buts Bobby Rousseau
5%
Aucun quiz correspondant
Distribution des résultats
% des personnes avec chaque résultat
Percentile par nombre de réponses
Votre historique - résultats
Vous n’avez pas pris ce quiz